000 00728 a2200205 4500
020 _a0130942006
040 _aDLC
_bDLC
082 0 0 _a621.39/5
100 1 _aFloyd, Thomas L.
245 1 0 _aDigital fundamentals
_cThomas L. Floyd.
250 _a8th ed.
260 _aUpper Saddle River, N.J. :
_bPrentice Hall,
_c2003.
300 _axvii, 942 p. :
_bill. (some col.) ;
_c28 cm. +
_e2 CD-ROMs (4 3/4 in.)
500 _aCD-ROM tipped in at front cover entitled: Texas instruments manufacturer's data sheets -- CD-ROM tipped in at back cover entitled: Electronics workbench.
500 _aIncludes index.
650 0 _aDigital electronics.
650 0 _aLogic circuits.
700 _4R. P. Jain
942 _cBK
_k621.395 FLO
_2ddc
999 _c8774
_d8774